Advanced unix a programmers guide (Record no. 167703)

000 -LEADER
fixed length control field 00365nam a2200133Ia 4500
008 - FIXED-LENGTH DATA ELEMENTS--GENERAL INFORMATION
fixed length control field 220217s9999||||xx |||||||||||||| ||und||
020 ## - INTERNATIONAL STANDARD BOOK NUMBER
International Standard Book Number 81-7029-107-0
082 ## - DEWEY DECIMAL CLASSIFICATION NUMBER
Classification number 005.43 PRA
100 ## - MAIN ENTRY--PERSONAL NAME
Personal name Prata, Stephen
9 (RLIN) 1852
245 #0 - TITLE STATEMENT
Title Advanced unix a programmers guide
260 ## - PUBLICATION, DISTRIBUTION, ETC.
Place of publication, distribution, etc. BPB publications
Name of publisher, distributor, etc. New Delhi
Date of publication, distribution, etc. 1986
300 ## - PHYSICAL DESCRIPTION
Other physical details 180
650 ## - SUBJECT ADDED ENTRY--TOPICAL TERM
Topical term or geographic name entry element Operating systems
Holdings
Withdrawn status Lost status Damaged status Not for loan Collection code Home library Current library Shelving location Date acquired Full call number Barcode Date last seen Price effective from Koha item type
        Computer Science and Engineering Central Library Central Library Book Cart 02/18/2022 005.43 PRA 2892 02/18/2022 02/18/2022 Books

Powered by Koha